000 00783cab a2200229 4500
001 ABS44137
008 090401t1991 xxu||||| |||| 00| 0 eng d
035 _a(Sirsi) u45499
041 _aeng
100 _aDavies, L.
245 _aAssessment of regional planning guidance
260 _c1991
350 _a0
490 _aThe Planner
_v77(5) 8 February 1991, 7-8(2)
520 _aExamines the national progress in the production of regional planning advice since the publication of Planning Policy Guidance Note 15 "Regional planning guidance, structure plans and the content of development plans".
650 _aEAST ANGLIA
650 _aPPG15
650 _aREGIONAL PLANNING GUIDANCE NOTES
690 _aPLANNING LAW AND PRACTICE
942 _n0
948 _c04/03/1997
999 _c28848
_d28848